Statistics for Northern Ireland General Knowledge - Multiple Choice

Click here to take the quiz!

General Stats

  • This quiz has been taken 243 times
  • The average score is 11 of 15

Answer Stats

QuestionAnswer% Correct
Harland & Wolff of Belfast is a company famous for building what ?Ships
95%
The Agreement that effectively ended the "Troubles" is known by what name ?Good Friday Agreement
93%
What is the only World Heritage Site in Northern Ireland ?Giant's Causeway
91%
Belfast City Airport is named after George Best. For what was he famous ?Footballer
87%
Almost 2,000 examples of which type of artwork have been documented in Northern Ireland since the 1970s ?Wall Murals
86%
The village of Bushmills in Co.Antrim is famous for which type of beverage ?Whiskey
84%
Tourism in Northern Ireland was boosted following which TV series that used locations within the region ?Game of Thrones
83%
Every summer festivals and parades take place. This is colloquially known as what ?Marching Season
78%
What is the name of the largest freshwater lake in Northern Ireland ?Lough Neagh
73%
Although there are several islands of the coast, which is the only one to be permanently inhabited ?Rathlin Island
67%
Northern Ireland is made up of how many historic counties ?Six
66%
Which of these ports is NOT served by ferry from Belfast ?Dublin, Ireland
65%
Which of these pictures depicts an "Ulster Fry" breakfast ?
56%
Which settlement is nicknamed "Stroke City" ?Derry / Londonderry
51%
During the Troubles which Belfast hotel suffered 36 bomb attacks becoming known as "the most bombed hotel in the world" ?Europa Hotel
41%

Score Distribution

Percentile by Number Answered

Percent of People with Each Score

Your Score History

You have not taken this quiz